[Event "BL 2017-18"]
[Site "Germany"]
[Date "2018.02.25"]
[Round "10"]
[White "Ivanchuk, Vassily"]
[Black "Oleksiyenko, Mykhaylo"]
[Result "0-1"]
[WhiteElo "2731"]
[BlackElo "2609"]
[Annotator "TA"]
[PlyCount "104"]
[EventDate "2018.05.24"]
[EventType "team-tourn"]
[EventCountry "GER"]
[SourceTitle "playchess.com"]
[Source "ChessBase"]
[SourceQuality "1"]
[WhiteTeam "Aachen"]
[BlackTeam "Speyer"]

{[%evp 21,104,13,18,0,0,0,0,13,32,32,50,23,36,18,27,-38,-38,-38,-34,-35,-36,-39,-42,-82,-62,-94,-94,-153,-147,-245,-145,-139,-144,-214,-211,-429,-426,-422,-395,-411,-385,-589,-563,-577,-581,-533,-511,-712,-668,-898,-841,-745,-552,-552,-554,-555,-556,-1046,-939,-6099,-5435,-5791,-5608,-4998,-4602,-29969,-29970,-29967,-29954,-29961,-29958,-29974,-29975,-29971,-29973,-29973,-29972,-29980,-29981,-29981,-29982,-29982,-29983,-29984,-29985]} 1. e4 e5 2. Nf3 Nc6 3. Bb5 Nf6 4. O-O Nxe4 5. d4 Nd6 {[%cal Be4d6,Bd6f5,Bf5h4][%mdl 32]} 6. Bxc6 dxc6 7. dxe5 Nf5 8. Qxd8+ Kxd8 9. Nc3 Ke8 10. h3 h5 {C67: Ruy Lopez: Berlin Defence: 4 0-0 Nxe4} 11. Rd1 Be7 {LiveBook: 82 Games} 12. b3 (12. Ne2 Be6 13. Nf4 Bc8 14. Ne2 Be6 15. b3 a5 16. a4 Rd8 17. Bg5 Bd5 18. Bxe7 Kxe7 {1-0 (49) Vachier Lagrave,M (2793)-Nakamura,H (2781) Caleta 2018}) 12... Nh4 {The position is equal.} 13. Nd4 $146 {[%cal Bf3d4,Bd4e2,Be2f4][%mdl 32]} ({Find the theoretical novelty and annotate with similar games:} 13. Nxh4 Bxh4 14. Ne2 Be7 15. Bb2 Bf5 16. c4 a5 17. Nd4 Bg6 {½-½ (17) Jirku,J (2339)-Kostanjsek,Z (2251) ICCF email 2015}) 13... Nf5 14. Nde2 Bd7 15. Ne4 a5 16. c4 h4 17. Nf4 a4 18. Bd2 (18. Rb1 $11) 18... Nd4 $15 19. Bc3 Ne6 $1 {[%cal Re6f4]} 20. Nxe6 Bxe6 21. f3 Rh6 22. Re1 Rg6 23. Kf2 b5 24. f4 (24. Kf1 $142) 24... Bf5 25. Rad1 (25. b4 $17) 25... Bxe4 ({Black should play} 25... axb3 $19 26. axb3 bxc4 27. bxc4 Ra3) 26. Rxe4 $17 Rg3 27. Bd4 (27. Be1 $17) 27... Rd8 $19 ({Don't play} 27... axb3 28. axb3 Ra2+ 29. Kf1) 28. b4 $2 (28. Rd2 {is a better defense.}) 28... Bxb4 29. f5 {[#]} Rxd4 $1 {[%mdl 512]} 30. Rdxd4 {[%mdl 4096] Endgame KRR-KRB} Bc5 $1 {[%csl LRc4,LRd4]} 31. f6 (31. Kf1 $142 Bxd4 32. Rxd4) 31... g5 32. Kf1 {Strongly threatening Rd1.} Bxd4 33. Rxd4 {KR-KR} Ra3 34. cxb5 cxb5 35. Rd5 Rxa2 36. Rxb5 a3 37. Ra5 Kd7 38. Ra6 {[#] e6+! is the strong threat.} c6 39. e6+ Kxe6 40. Rxc6+ Kf5 41. Ra6 Ra1+ 42. Kf2 a2 43. Ra8 Kxf6 {Black mates.} 44. Ra5 Ke6 45. Ra6+ Kd5 46. Ra5+ Kc6 47. Ra6+ Kb5 48. Ra8 f5 {[%cal Bf7f5,Bf5g4,Bg4g3][%mdl 32]} 49. Ra7 g4 50. hxg4 fxg4 51. Ra8 g3+ 52. Ke2 Rg1 {Precision: White = 26%, Black = 85%.} 0-1

[Event "BL 2017-18"]
[Site "Germany"]
[Date "2018.02.25"]
[Round "10"]
[White "Bacrot, Etienne"]
[Black "Van Kampen, Robin"]
[Result "1/2-1/2"]
[WhiteElo "2722"]
[BlackElo "2646"]
[Annotator "TA"]
[PlyCount "67"]
[EventDate "2018.05.24"]
[EventType "team-tourn"]
[EventCountry "GER"]
[SourceTitle "playchess.com"]
[Source "ChessBase"]
[SourceQuality "1"]
[WhiteTeam "Baden-Baden"]
[BlackTeam "Solingen"]

{[%evp 19,67,5,19,0,23,17,21,41,19,24,40,32,54,59,41,44,50,58,47,17,18,16,18,29,28,19,54,8,13,-27,0,-38,-54,-71,-71,-70,-13,-13,-13,-13,-13,-13,-13,-38,0,0,0,-49,0,-7]} 1. e4 e5 2. Nf3 Nc6 3. Bc4 Bc5 4. d3 Nf6 5. O-O O-O 6. c3 d6 7. Re1 a6 {C54: Giuoco Piano: 4 c3 Nf6, main lines with 5 d4 and 5 d3} (7... h6 8. h3 a5 9. Nbd2 a4 10. Nf1 Bd7 11. a3 Bb6 12. Ng3 Re8 13. Nh4 Ng4 14. hxg4 Qxh4 15. Qf3 Bxg4 16. Qxf7+ {0-1 (31) Dominguez Perez,L (2739)-Caruana,F (2811) chess.com INT 2018}) 8. a4 Ba7 9. h3 b5 10. Bb3 b4 {LiveBook: 6 Games} 11. Nbd2 bxc3 $146 ({Find the theoretical novelty and annotate with similar games:} 11... Rb8 12. a5 h6 13. Nf1 Be6 14. Bxe6 fxe6 15. Be3 Bxe3 16. Nxe3 {0-1 (60) Scheglov,D (2155)-Dai,C (2425) St Petersburg 2017}) 12. bxc3 Na5 13. Bc2 Rb8 14. Nf1 h6 15. d4 Re8 16. dxe5 dxe5 17. Qxd8 Rxd8 18. Nxe5 Re8 19. Nf3 (19. Bf4 {NOTEXT} Rb6 20. Nd2 Rbe6 21. Nef3 Rc6 22. Rac1) 19... Nb3 20. Rb1 Nxc1 21. Rbxc1 Rb2 {[%cal Bb8b2,Bb2a2,Ba2a4][%mdl 32]} 22. Ne3 Bd7 23. Nc4 Ra2 24. Nfd2 {[#] Hoping for Bb3.} Rb8 25. Kf1 Nh5 ({Inferior is} 25... Bxa4 26. Bxa4 Rxa4 27. Ra1 $16) 26. Bb1 Rxa4 {...Bb5 is the strong threat.} 27. Ne5 Rb2 ({Black should play} 27... Bb5+ $15 28. c4 Be8) 28. Red1 $11 Be6 29. Nd3 Rb8 30. Bc2 Ra3 31. Nb1 Ra1 32. Nd2 Ra3 33. Nb1 Ra1 34. Nd2 {Precision: White = 61%, Black = 43%.} 1/2-1/2

[Event "BL 2017-18"]
[Site "Germany"]
[Date "2018.02.25"]
[Round "10"]
[White "Adams, Michael"]
[Black "Van Wely, Loek"]
[Result "1/2-1/2"]
[WhiteElo "2709"]
[BlackElo "2656"]
[Annotator "TA"]
[PlyCount "109"]
[EventDate "2018.05.24"]
[EventType "team-tourn"]
[EventCountry "GER"]
[SourceTitle "playchess.com"]
[Source "ChessBase"]
[SourceQuality "1"]
[WhiteTeam "Baden-Baden"]
[BlackTeam "Solingen"]

{[%evp 15,109,0,3,0,8,9,37,53,56,59,57,48,66,34,51,42,42,0,0,0,51,49,79,54,70,66,62,-29,-29,-23,0,-15,-15,-18,0,-16,-29,-23,-21,-38,-28,-75,-80,-89,-77,-75,-75,-75,-77,-76,-72,-76,-79,-94,-80,-91,-67,-63,-63,-49,-51,-61,-61,-69,-37,-68,-58,-53,0,0,0,0,0,-8,-8,-8,-8,-8,-8,-8,-8,-8,-8,-17,-8,-8,-8,-8,0,0,0,0,0,0,0,0]} 1. e4 c5 2. Nf3 d6 3. d4 cxd4 4. Nxd4 Nf6 5. Nc3 a6 6. Be3 e6 7. g3 {B80: Sicilian Scheveningen: 6 g3 and 6 Be3, including English Attack} (7. f3 b5 8. Qd2 b4 9. Na4 Nbd7 10. O-O-O Qa5 11. b3 Bb7 12. a3 Qc7 13. axb4 d5 14. Bf2 Bd6 15. exd5 Nxd5 16. Bg3 {1-0 (36) Nakamura,H (2781)-Grandelius,N (2647) Caleta 2018}) 7... b5 8. Bg2 Bb7 {LiveBook: 6 Games} 9. O-O Nbd7 10. Re1 Rb8 $146 ({Find the theoretical novelty and annotate with similar games:} 10... Qc7 11. f4 Be7 12. Bf2 b4 13. Nd5 exd5 14. exd5 Kf8 {½-½ (71) Tarlev,K (2472)-Solodovnichenko,Y (2582) Odessa 2007}) 11. a4 bxa4 12. Rxa4 Be7 13. Nb3 O-O 14. Ba7 Ra8 15. Bd4 $1 Rb8 16. Ba7 Ra8 17. Bd4 ({White should try} 17. Be3 $11 Rb8 18. Qe2) 17... Rb8 $1 $14 18. Qe2 Ne5 19. Na5 Ba8 20. f4 Ng6 21. e5 (21. Nc4 $14) 21... dxe5 $11 22. fxe5 {[#] And now Bxa8 would win.} Bb4 23. Nb3 Bxg2 24. Qxg2 Nd5 {[%cal Bf6d5,Bd5b6,Bb6c4,Bc4d2][%mdl 32]} 25. Rea1 Bxc3 26. bxc3 Rc8 27. c4 Nb6 $36 {[%mdl 2048] Black has some pressure.} 28. Rxa6 Nxc4 29. Qe4 Qg5 {[%cal Rg6e5]} 30. Bc5 Nd2 31. Nxd2 Rxc5 32. Nf3 Qd8 33. h4 h6 34. Ra8 Qb6 35. Kg2 Qc6 (35... Qb2 {NOTEXT} 36. Kh3 Qxc2 37. Qxc2 Rxc2 38. h5 Ne7) 36. Rxf8+ Nxf8 37. Qxc6 Rxc6 $15 {[%mdl 4096] Endgame KRN-KRN} 38. Ra2 g6 39. Kf2 Nd7 40. Nd4 Rc4 41. Ra8+ $1 Kg7 (41... Kh7 $15 42. Nxe6 Nxe5) 42. Nxe6+ $1 $11 {The position is equal.} fxe6 {KRN-KR} 43. Ra7 Rxc2+ 44. Ke1 Rc5 45. Rxd7+ {KR-KR} Kf8 46. Kf2 Rxe5 47. g4 Rd5 48. Ra7 h5 49. gxh5 Rxh5 50. Kg3 Rf5 51. Kg4 e5 52. Rb7 Rf6 53. Rb5 Re6 54. h5 gxh5+ 55. Kf5 {Precision: White = 69%, Black = 72%.} 1/2-1/2

[Event "BL 2017-18"]
[Site "Germany"]
[Date "2018.02.25"]
[Round "10"]
[White "Ponomariov, Ruslan"]
[Black "Olszewski, Michal"]
[Result "1-0"]
[WhiteElo "2694"]
[BlackElo "2540"]
[Annotator "TA"]
[PlyCount "79"]
[EventDate "2018.05.24"]
[EventType "team-tourn"]
[EventCountry "GER"]
[SourceTitle "playchess.com"]
[Source "ChessBase"]
[SourceQuality "1"]
[WhiteTeam "Hockenheim"]
[BlackTeam "Norderstedt"]

{[%evp 21,79,27,14,18,35,13,45,39,51,39,34,29,35,36,47,37,28,29,50,45,52,51,78,53,87,58,75,82,125,118,329,262,261,243,245,232,243,221,260,258,238,219,260,262,261,256,331,296,358,365,360,355,443,434,430,436,414,416,660,673]} 1. e4 e5 2. Nf3 Nc6 3. Bb5 {[%cal Bf1b5,Bb5a4,Ba4b3,Bb3a2][%mdl 32]} a6 4. Ba4 Nf6 5. O-O Be7 6. d3 b5 7. Bb3 d6 8. a4 b4 9. Nbd2 {C84: Closed Ruy Lopez: Unusual White 6th moves} (9. a5 O-O 10. Be3 h6 11. Nbd2 Re8 12. c3 Bf8 13. h3 Rb8 14. Re1 bxc3 15. bxc3 d5 16. Qc2 Be6 {0-1 (50) Grischuk,A (2772)-Ding,L (2777) Riadh 2017}) 9... Na5 10. Ba2 O-O 11. c3 Rb8 {LiveBook: 4 Games} 12. d4 bxc3 13. bxc3 Nd7 $146 ({Predecessor:} 13... Nc6 14. h3 d5 15. Nxe5 Nxe5 16. dxe5 Nxe4 17. Nxe4 dxe4 {1-0 (40) Mogranzini,R (2405)-Sbarra,M (2309) Torino 2010}) 14. Re1 Bf6 15. Ba3 Re8 16. d5 g6 17. Bb4 Nb7 18. Nb3 Bg7 19. Bb1 Ra8 20. a5 Nb8 21. Nfd2 {[%cal Bf3d2,Bd2c4,Bc4e3][%mdl 32]} f5 22. exf5 gxf5 23. Nc4 Qg5 24. Nd4 Qg6 {[#]} 25. Ne6 $1 {[%cal Re6c7]} Qf7 $2 (25... Rxe6 $16 {keeps fighting.} 26. dxe6 Bxe6) 26. Ne3 Nd8 27. Nxg7 (27. Bxf5 Nxe6 28. Qg4 (28. Bxe6 Bxe6 29. dxe6 Qxe6 $14) 28... Nc6 $14) 27... Kxg7 28. f4 e4 29. c4 Nd7 30. Qd4+ Nf6 31. c5 dxc5 32. Qxc5 ({But not} 32. Bxc5 $6 Nb7 $16) 32... Nb7 33. Qc6 Rb8 34. Ba2 {Threatens to win with d6.} Nd6 35. Bxd6 cxd6 36. Qxd6 Qa7 37. Rac1 Rb7 38. Rc6 Qd4 39. Kh1 Bd7 {[#]} (39... Qb2 $142 40. Rg1 Rf7) 40. Qxd7+ $1 {[%mdl 512] Precision: White = 80%, Black = 40%.} 1-0

[Event "BL 2017-18"]
[Site "Germany"]
[Date "2018.02.25"]
[Round "10"]
[White "Leko, Peter"]
[Black "Kraemer, Martin"]
[Result "1/2-1/2"]
[WhiteElo "2692"]
[BlackElo "2580"]
[Annotator "TA"]
[PlyCount "63"]
[EventDate "2018.05.24"]
[EventType "team-tourn"]
[EventCountry "GER"]
[SourceTitle "playchess.com"]
[Source "ChessBase"]
[SourceQuality "1"]
[WhiteTeam "SF Deizisau"]
[BlackTeam "SFR Berlin"]

{[%evp 18,63,8,10,6,12,13,5,8,0,20,17,16,25,0,0,4,0,31,14,40,31,31,0,0,0,16,0,0,-15,47,29,42,25,-13,-106,-39,-60,-14,-42,-35,-37,-61,-57,-45,-123,-107,-103]} 1. Nf3 d5 2. e3 Nf6 3. c4 e6 4. Nc3 b6 5. d4 Bd6 6. b3 O-O 7. Bb2 Bb7 8. Bd3 Nbd7 9. O-O a6 10. a4 {LiveBook: 7 Partien. E14: Damenindisch (Zentralsystem)} (10. Qe2 Ne4 11. a4 a5 12. cxd5 exd5 13. Nb5 Bb4 14. Qc2 c6 15. Nc3 f5 16. Ne2 Qe7 17. Ne5 Nxe5 18. dxe5 g6 {0-1 (43) Sargissian,G (2672)-Riazantsev,A (2650) Riadh 2017}) 10... c5 11. cxd5 exd5 12. Rc1 {Die Stellung ist ausgeglichen.} Qe7 $146 ({Vorgänger:} 12... Re8 13. Ne2 Rc8 14. Nf4 Qe7 15. g3 Ne4 16. Re1 g6 17. h4 cxd4 18. Rxc8 Rxc8 19. Bxd4 {½-½ (33) Ovcharenko,L (2272)-Geissler,W (2342) ICCF email 2016}) 13. Re1 {[%cal Bf1e1,Be1e2,Be2d2][%mdl 32]} Rfd8 14. Bf1 Nf8 15. g3 Ne6 16. Bg2 Rac8 17. Re2 Bc6 18. Rd2 Qb7 19. h4 Qb8 20. Ne5 Bb7 21. Nf3 h6 22. Ne2 c4 23. Nc3 Bb4 ({Besser ist} 23... Nc7 $11) 24. Rdc2 cxb3 25. Re2 a5 $1 {Mit der Idee ...La6.} 26. Ne5 (26. Qxb3 $11 {hält das Gleichgewicht.} Ba6 27. Nb5) 26... Bxc3 ({Lieber} 26... Ba6 $17 {Und weiter mit ...Lxc3 wäre nett.} 27. Nb5 Rxc1 28. Bxc1 Bxb5 29. axb5 a4) 27. Rxc3 Ba6 28. Rd2 Bc4 29. Nxc4 dxc4 30. d5 Nf8 $1 31. e4 (31. Qc1 $15) 31... b5 $17 32. axb5 {Precision: Weiß = 44%, Schwarz = 45%.} 1/2-1/2

[Event "BL 2017-18"]
[Site "Germany"]
[Date "2018.02.25"]
[Round "10"]
[White "Nisipeanu, Liviu-Dieter"]
[Black "Laznicka, Viktor"]
[Result "1-0"]
[WhiteElo "2682"]
[BlackElo "2658"]
[Annotator "TA"]
[PlyCount "63"]
[EventDate "2018.05.24"]
[EventType "team-tourn"]
[EventCountry "GER"]
[SourceTitle "playchess.com"]
[Source "ChessBase"]
[SourceQuality "1"]
[WhiteTeam "Dresden"]
[BlackTeam "Schwaebisch Hall"]

{[%evp 19,63,24,29,24,35,19,41,41,35,41,82,76,78,72,86,85,80,70,148,158,159,134,123,143,187,180,179,177,189,187,178,172,181,181,246,237,357,252,830,798,1872,1736,29985,29986,29986,29987]} 1. e4 c6 2. d4 d5 3. exd5 cxd5 4. Nf3 Nc6 5. c3 Nf6 6. Bf4 Bf5 7. Qb3 {B13: Caro-Kann: Exchange Variation and Panov-Botvinnik Attack} Qc8 8. Nbd2 e6 9. Nh4 Bg4 10. h3 Bh5 $1 {LiveBook: 9 Games} 11. Bd3 Be7 12. O-O a6 $146 ({Predecessor:} 12... Nd7) 13. Rae1 Nd7 14. Ndf3 b5 15. g4 Bg6 16. Nxg6 hxg6 17. Kg2 Nf6 18. Bg3 Nd7 ({Better is} 18... O-O $14) 19. a4 $16 bxa4 20. Qxa4 O-O 21. g5 e5 22. Bxe5 $1 ({Resist} 22. dxe5 $6 Nc5 $16) (22. Nxe5 $6 Ncxe5 23. Bxe5 (23. dxe5 Nc5 $11) 23... Bxg5 $16) 22... Ncxe5 23. Nxe5 Nxe5 24. Rxe5 ({Don't take} 24. dxe5 $6 Bxg5 25. e6 f5 $16) 24... Qb7 25. Qa2 Rfd8 26. Be2 f6 (26... Bd6 {keeps fighting.}) 27. Re6 $18 fxg5 (27... Kh7 $142 28. Bf3 (28. Rxa6 Rxa6 29. Bxa6 Qc7 $18) 28... fxg5) 28. Qb1 ({Not} 28. Rxg6 Bf6 $18) 28... Rd6 $2 {[#]} (28... Bf6 29. Qxg6 Qf7 30. Qxf7+ Kxf7) 29. Qxg6 Rad8 30. Re1 Rxe6 31. Qxe6+ Kh8 32. Bd3 {Precision: White = 83%, Black = 31%.} 1-0

[Event "BL 2017-18"]
[Site "Germany"]
[Date "2018.02.25"]
[Round "10"]
[White "Ragger, Markus"]
[Black "Wojtaszek, Radoslaw"]
[Result "1/2-1/2"]
[WhiteElo "2666"]
[BlackElo "2735"]
[Annotator "TA"]
[PlyCount "48"]
[EventDate "2018.05.24"]
[EventType "team-tourn"]
[EventCountry "GER"]
[SourceTitle "playchess.com"]
[Source "ChessBase"]
[SourceQuality "1"]
[WhiteTeam "Solingen"]
[BlackTeam "Baden-Baden"]

{[%evp 22,48,29,15,15,15,12,14,27,22,22,17,64,81,43,38,56,51,87,60,129,128,87,0,70,0,77,0,43]} 1. e4 c5 2. Nf3 d6 3. d4 cxd4 4. Nxd4 Nf6 5. Nc3 a6 6. g3 e5 7. Nde2 Be7 8. Bg2 O-O 9. O-O b5 10. Nd5 {B91: Sicilian Najdorf: 6 g3} Nbd7 11. Nec3 Bb7 12. Be3 {LiveBook: 3 Games. White has an edge.} (12. b3 Nxd5 13. Nxd5 Nf6 14. c4 bxc4 15. bxc4 Rc8 16. Rb1 Bc6 17. Be3 Nxd5 18. exd5 {½-½ (57) Vidit,S (2715)-Andriasian,Z (2585) Riadh 2017}) 12... Nxd5 13. Nxd5 Nf6 14. a4 {[#]} Bxd5 $146 ({Predecessor:} 14... Nxd5 15. exd5 Qd7 16. Qd2 bxa4 17. Ra3 Rac8 {½-½ (34) Zhak,B (2597)-Shpakovsky,A (2531) ICCF email 2015}) 15. exd5 Qc7 16. Qd3 Qc4 17. Qxc4 bxc4 18. b4 cxb3 19. cxb3 Rab8 20. Rab1 Rb4 {[#]} ({Black should play} 20... Rfc8 $14) 21. Bd2 $1 $16 {[%cal Rd2b4]} Rd4 22. Be3 Rb4 $1 23. Bd2 Rd4 24. Be3 Rb4 $1 {Precision: White = 57%, Black = 48%.} 1/2-1/2

[Event "BL 2017-18"]
[Site "Germany"]
[Date "2018.02.25"]
[Round "10"]
[White "Fressinet, Laurent"]
[Black "Mons, Leon"]
[Result "0-1"]
[WhiteElo "2662"]
[BlackElo "2529"]
[Annotator "TA"]
[PlyCount "152"]
[EventDate "2018.05.24"]
[EventType "team-tourn"]
[EventCountry "GER"]
[SourceTitle "playchess.com"]
[Source "ChessBase"]
[SourceQuality "1"]
[WhiteTeam "Werder Bremen"]
[BlackTeam "Zugzwang Muenchen"]

{[%evp 29,152,19,29,0,10,6,0,0,17,10,52,39,54,0,9,23,33,17,14,0,0,-23,0,-25,-16,-6,-4,-16,-20,-67,-67,-74,-73,-75,-74,-74,-74,-76,-75,-70,-69,-111,-96,-181,-184,-194,-194,-194,-198,-210,-208,-204,-191,-181,-116,-202,-202,-202,-181,-207,-174,-181,-108,-107,-99,-99,-60,-99,-99,-229,-174,-226,-228,-227,-222,-226,-214,-196,-184,-196,-193,-190,-189,-178,-188,-139,-91,-188,-185,-714,-689,-654,-626,-12840,-12840,-12843,-12843,-12843,-12843,-12845,0,0,0,-12845,-12845,-12847,-12847,-12848,-12848,-12850,-12850,-12850,-29979,-12851,-29981,-12851,-29985,-29985,-29986,-29987,-29987,-12851,-29988,-12851,-29989]} 1. e4 e5 2. Nf3 Nc6 3. Bb5 a6 4. Ba4 Nf6 5. O-O Be7 6. Re1 b5 7. Bb3 d6 8. c3 O-O 9. h3 Bb7 10. d4 Re8 11. Nbd2 {[%cal Bb1d2,Bd2f1,Bf1e3,Be3f5][%mdl 32]} exd4 {C92: Closed Ruy Lopez: 9...Be6, Karpov and Flohr-Zaitsev Variations} (11... Bf8 12. a3 h6 13. Bc2 Nb8 14. b3 Nbd7 15. Bb2 c5 16. d5 Bc8 17. a4 Rb8 18. axb5 axb5 19. Bd3 Nh5 20. Bf1 g6 21. Nh2 Ng7 22. Bd3 Nf6 {1-0 (49) Harikrishna,P (2744)-Ivanchuk,V (2726) Riadh 2017}) 12. cxd4 Nd7 13. Nf1 Na5 14. Bc2 c5 15. Ne3 cxd4 {LiveBook: 11 Games} 16. Nf5 Bf8 17. Bg5 f6 $146 ({Predecessor:} 17... Qb6 18. N3xd4 Nc4 19. b3 {1-0 (36) Solodovnichenko,Y (2587)-Abdulov,O (2369) Konya 2016}) 18. Bf4 Ne5 19. N3xd4 Qb6 20. b3 Rad8 21. a4 ({White should play} 21. Ne3 $14) 21... b4 22. Nf3 Nac6 23. Be3 Qa5 24. Nxe5 dxe5 25. Qg4 {Nh6+ is the strong threat.} Kh8 26. Rad1 Bc8 27. Rd5 Qc7 {And now ...g6 would win.} 28. Qe2 $1 g6 29. Ng3 Nd4 30. Bxd4 $1 exd4 31. Rxd8 Rxd8 32. Bd3 Be6 33. Qf3 Kg7 34. Rb1 a5 $36 {[%mdl 2048] Black fights for an advantage.} 35. Ne2 Qf7 36. e5 (36. Nc1 $17 {was worth a try.}) 36... fxe5 $19 37. Qxf7+ Kxf7 38. Ng3 Rc8 {White must now prevent ...Rc3.} 39. Ne4 Be7 40. Kf1 h5 41. Ke2 g5 (41... Kg7 $19 42. f3 g5) 42. Nd2 (42. Ba6 $17) 42... Rc3 $1 43. f3 Kg7 44. g4 e4 45. Bxe4 Bd6 (45... Re3+ $19 46. Kf1 hxg4 47. hxg4 Kf6) 46. Bd3 $17 {Ne4 would now be nice for White.} Bf4 47. Ne4 Rc8 (47... Rxb3 $6 48. Nc5 $11) 48. gxh5 Kh6 49. Rb2 (49. Rg1 $17) 49... Rc1 $1 $19 ({Much less strong is} 49... Bxh3 50. Rb1 $17) (49... Kxh5 50. Rc2) 50. Rc2 Bxb3 51. Rxc1 Bxc1 {[%mdl 4096] Endgame KBB-KBN} 52. Nc5 Bg8 53. Bc2 Bf4 $1 ({Don't play} 53... Kxh5 54. Bb3 $15) 54. Kd3 Bh7+ 55. Ne4 Be3 56. Kc4 Bg8+ $1 57. Kb5 Ba2 58. Nc5 (58. Nd6 $17) 58... d3 $1 {[%cal Rd3c2]} ({Worse is} 58... Kxh5 59. Kxa5 d3 60. Nxd3 $11) 59. Bxd3 $2 (59. Nxd3 b3 60. Bd1) 59... Bxc5 $1 60. Kxc5 {[#] aiming for Kb5. KB-KB} Bg8 $1 {[%cal Rg8h7]} 61. Kb5 {[#]} b3 $1 62. Kxa5 Bh7 63. Bc4 b2 64. Ba2 Bg8 65. Bb1 Bh7 66. Ba2 {intending Kb6.} b1=Q 67. Bxb1 Bxb1 {KB-KP} 68. Kb4 Bf5 69. Kc3 Bxh3 70. Kd4 Kxh5 {KB-KPP} 71. a5 Bc8 (71... Kh4 $19 72. Ke5 Bf1) 72. Ke5 Bb7 73. f4 g4 {[%cal Bg5g4,Bg4g3,Bg3g2][%mdl 32]} 74. f5 g3 75. f6 Kg6 76. Ke6 g2 {Precision: White = 47%, Black = 73%.} 0-1

[Event "BL 2017-18"]
[Site "Germany"]
[Date "2018.02.25"]
[Round "10"]
[White "Ganguly, Surya Shekhar"]
[Black "Vallejo Pons, Francisco"]
[Result "1/2-1/2"]
[WhiteElo "2650"]
[BlackElo "2718"]
[Annotator "TA"]
[PlyCount "47"]
[EventDate "2018.05.24"]
[EventType "team-tourn"]
[EventCountry "GER"]
[SourceTitle "playchess.com"]
[Source "ChessBase"]
[SourceQuality "1"]
[WhiteTeam "Solingen"]
[BlackTeam "Baden-Baden"]

{[%evp 23,47,26,20,26,20,8,23,0,6,8,6,0,0,0,0,8,9,0,0,-22,-22,-23,-24,-25,-23,-35]} 1. e4 e5 2. Nf3 Nf6 3. Nxe5 d6 4. Nf3 Nxe4 5. d4 d5 6. Bd3 Bd6 7. O-O O-O 8. c4 c6 9. Re1 Re8 10. Nc3 Nxc3 11. bxc3 Rxe1+ {C42: Petroff Defence: 3 Nxe5 and unusual White 3rd moves} 12. Qxe1 h6 {LiveBook: 39 Games} 13. a4 (13. Ne5 Nd7 14. f4 Nxe5 15. fxe5 Be7 16. cxd5 cxd5 17. Rb1 b6 18. Bf4 Be6 19. Qd2 {½-½ (34) Grandelius,N (2641)-Jobava,B (2712) Reykjavik 2017}) 13... Nd7 {[%cal Bb8d7,Bd7f6,Bf6e4][%mdl 32] White has an edge.} 14. c5 Bc7 15. Ra2 b6 16. Re2 Nf6 17. Ne5 $146 ({Find the theoretical novelty and annotate with similar games:} 17. h3 bxc5 18. dxc5 Qf8 19. Ba3 {½-½ (49) Fedak,L (2334)-Torres,C (2352) ICCF email 2015}) 17... Bxe5 18. dxe5 Ne4 19. cxb6 axb6 20. Bxe4 dxe4 21. Rxe4 c5 22. h3 Bf5 23. Rf4 Qd7 24. Qe3 1/2-1/2

[Event "BL 2017-18"]
[Site "Germany"]
[Date "2018.02.25"]
[Round "10"]
[White "Movsesian, Sergei"]
[Black "Predojevic, Borki"]
[Result "1/2-1/2"]
[WhiteElo "2649"]
[BlackElo "2629"]
[Annotator "TA"]
[PlyCount "41"]
[EventDate "2018.05.24"]
[EventType "team-tourn"]
[EventCountry "GER"]
[SourceTitle "playchess.com"]
[Source "ChessBase"]
[SourceQuality "1"]
[WhiteTeam "Baden-Baden"]
[BlackTeam "Solingen"]

{[%evp 23,41,9,13,4,0,-6,27,0,27,20,19,11,35,7,12,0,2,0,3,0]} 1. e4 e6 2. d4 d5 3. Nd2 c5 4. Ngf3 cxd4 5. exd5 Qxd5 6. Bc4 Qd8 7. O-O Nc6 8. Nb3 a6 {C07: French Tarrasch: 3...c5, 4 Ngf3 and 4 exd5 Qxd5} 9. Nbxd4 Nxd4 10. Nxd4 Qc7 11. Qe2 (11. Bd3 Nf6 12. Re1 Bd6 13. h3 O-O 14. Bg5 Be5 15. c3 h6 16. Nf3 Bxc3 {1-0 (51) Mamedov,R (2709)-Le,Q (2737) Huaian 2017}) 11... Bd6 12. h3 Ne7 {LiveBook: 14 Games} 13. Bd3 O-O 14. Nf3 {[#]} Ng6 $146 ({Predecessor:} 14... Nd5 15. Qe4 f5 16. Qe2 {½-½ (53) Amonatov,F (2624)-Kotsur,P (2559) Dushanbe 2013}) 15. Ng5 Be7 16. Qh5 {[%csl Gg5][%cal Rh5h7] [#]} Bxg5 $1 17. Qxg5 Bd7 18. Be3 Rac8 {The position is equal.} 19. Rfd1 h6 20. Qh5 Nf4 21. Bxf4 1/2-1/2